000 00448nam a2200181Ia 4500
001 10657
005 20260306161848.0
008 260306t1997||||xx |||||||||||||| ||spa||
041 _aESP
082 _a946.043
_bB81 T. 1
100 _aBraudel, Fernand
_eAUT
245 0 _aEl Mediterráneo y el mundo mediterráneo en la época de Felipe II
260 _c1997
300 _a
_c
650 _aGEN
654 _aCHU
942 _cLIB
_dJUS
_fJUS
_2ddc
_n
999 _c10657
_d10657